Ägyptens letzte Pyramide : das Grab des Seuta(s) in Tuna el-Gebel /
محفوظ في:
مؤلفون آخرون: ,
التنسيق: كتاب
اللغة: German
منشور في:
[S.l.] :
Verlag Patrick Brose,
c2008.
الطبعة: 2. Aufl.
الموضوعات:
الوسوم: إضافة وسم
لا توجد وسوم, كن أول من يضع وسما على هذه التسجيلة!
رقم الطلب: DT73 .T85 A39
| LEADER | 00712nam a22002297a 4500 | ||
|---|---|---|---|
| 003 | OSt | ||
| 005 | 20251209123037.0 | ||
| 008 | 251209t2008 gw ab g 000 0 ger d | ||
| 020 | |a 9783981200003 | ||
| 040 | |c ARCE Library | ||
| 043 | |a f-ua--- | ||
| 050 | 1 | 4 | |a DT73 .T85 |b A39 |
| 245 | 0 | 0 | |a Ägyptens letzte Pyramide : |b das Grab des Seuta(s) in Tuna el-Gebel / |c Dieter Kessler, Patrick Brose [Hrsg.] |
| 250 | |a 2. Aufl. | ||
| 264 | 1 | |a [S.l.] : |b Verlag Patrick Brose, |c c2008. | |
| 300 | |a 104 pages : |b color illustrations, map ; |c 30 cm. | ||
| 651 | 0 | |a Tūnat al-Jabal Site (Egypt) | |
| 700 | 1 | |a Kessler, Dieter, |d 1948- | |
| 700 | 1 | |a Brose, Patrick. | |
| 901 | |a reviewed | ||
| 942 | |c BK |2 lcc | ||
| 999 | |c 27987 |d 27987 | ||
